000 00326nam a2200133Ia 4500
005 20260328101506.0
008 260328s9999||||xx |||||||||||||| ||und||
100 _aBush-Brown, Albert
245 0 _aLouis Sullivan /
_cAlbert Bush-Brown
260 _bGeorge Brazilier
300 _a128 p.
650 _aARQUITECTOS
942 _cBK
999 _c9042
_d9042